Indefinite Definitions VIII Quiz Stats

 Plays Quiz Updated Jun 26, 2017

Support Sporcle.
Go Orange.
Score 0/35 Timer 07:00
0 Plays Today
% Correct
Season between winter and summer
95.7%
Leap or jump up suddenly
94.4%
Coiled strip of material that recovers its original shape after being distorted
93.9%
Hard outer covering of an egg
93.1%
Chop with repeated and irregular blows
92.2%
Mark with a ✓ symbol
91.5%
Manipulate a computer program skillfully
91.2%
Fast in moving or reacting
90.9%
Instrument for weighing
90%
Spherical or ovoid body used in a game or sport
89.4%
Source of water issuing from the ground
89.1%
Move in chess that directly attacks an opponent's king
88.9%
Each of the small, thin plates protecting the skin of fish and reptiles
88.9%
Large formal gathering for social dancing
88.8%
Lasting a comparatively short time
87.5%
Graduated series of musical tones
86.5%
Climb up by means of a ladder
86.5%
Part of the sole of the human foot between the toes and arch
85.9%
% Correct
Size of a model of a thing compared to the size of the thing itself
85.7%
Short dry cough
85.3%
Test or verify
84.6%
Person who produces mediocre journalistic work
84.4%
Pitched baseball that is not hit and is not a strike
84.1%
Bombard with explosive projectiles
82.7%
Fabric with a pattern of squares
80.6%
Cause to be released from prison
77.8%
Corporation created by a second corporation to facilitate a particular transaction
76.5%
Hold in restraint
74.5%
Separate kernels of corn from the cob
71.4%
Very pleasant experience
65.5%
Painfully sensitive area of flesh
60.4%
Carriage kept for hire
59.8%
External part of the ear
56.4%
The vital core
55.2%
Not dead: living, alive
54.7%

You're not logged in!

Compare scores with friends on all Sporcle quizzes.
OR
Log In
Forgot?

From the Vault

Pokémon (Gen V)

by BluePikmin

As soon as you catch 'em all, they just invent more to catch.
Remove Ads.
Support Sporcle.
Get the best of Sporcle when you Go Orange. This ad-free experience offers more features, more stats, and more fun while also helping to support Sporcle. Thank you for becoming a member.

Show Comments

Extras

Top Quizzes Today


Score Distribution

Your Account Isn't Verified!

In order to create a playlist on Sporcle, you need to verify the email address you used during registration. Go to your Sporcle Settings to finish the process.

Report this User

Report this user for behavior that violates our Community Guidelines.

Details: